| 000 | 01258nac a22003011i 4500 | ||
|---|---|---|---|
| 003 | EG-ScBUE | ||
| 005 | 20250702092827.0 | ||
| 008 | 250701s2001 ii a f b 001 0 eng d | ||
| 040 |
_aEG-ScBUE _beng _erda _cEG-ScBUE _dEG-ScBUE |
||
| 082 | 0 | 4 |
_a540 _bNEB _222 |
| 100 | 1 |
_aNebergall, William Harrison, _d1914-1978, _eauthor. |
|
| 245 | 1 | 0 |
_aCollege chemistry : _bwith qualitative analysis / _cWilliam H. Nebergall, Indiana University, Frederic C. Schmidt, Late of Indiana University, Henry F. Holtzclaw, Jr., University of Nebraska. |
| 250 | _aFifth edition. | ||
| 250 | _aSecond Indian reprint. | ||
| 264 | 1 |
_aNew Delhi : _bSurjeet Publications, _c2001. |
|
| 300 |
_axxii, 1058 pages : _billustrations ; _c26 cm |
||
| 336 |
_2rdacontent _atext _btxt |
||
| 337 |
_aunmediated _2rdamedia _bn |
||
| 338 |
_avolume _bnc _2rdacarrier |
||
| 500 | _aRev. ed. of: College Chemistry / William H. Nebergall, Henry F. Holtzclaw, Jr., William R. Robinson. 6th ed. c1980. | ||
| 500 | _aIncludes Appendices. | ||
| 504 | _aIncludes bibliographical references and index. | ||
| 650 | 7 |
_aChemistry. _2BUEsh |
|
| 655 | _vReading book | ||
| 700 | 1 |
_aSchmidt, Frederic Cowles, _d1904-1974, _eauthor. |
|
| 700 | 1 |
_aHoltzclaw, Henry Fuller, _d1921- _eauthor. |
|
| 942 |
_cBB _2ddc |
||
| 999 |
_c1413 _d1413 |
||